• 首页
  • 本馆介绍
  • 公告通知
  • 最新文献
  • 馆藏检索
  • 电子资源
  • 读者导购
  • 参考咨询
  • 我的图书馆
  • 登录
  • 详细信息显示
  • 放入我的书架
  • 预约/预借图书
  • 作者相关作品
  • 分类相关作品
  • 丛书相关作品
  • 出版社相关作品

书目信息

  • 表格格式
  • 工作单格式
  • 卡片格式
题名:
职业教育现代学徒制的比较与借鉴
    
 
作者: 关晶 著
分册:  
出版信息: 长沙   湖南师范大学出版社  2016
页数: 295页
开本: 24cm
丛书名:
单 册:
中图分类: G719.1
科图分类:
主题词: 职业教育--zhi ye jiao yu--学徒--教育制度--对比研究--世界
电子资源:
ISBN: 978-7-5648-2492-1
000 00998nam0 22002411 450
001 1754560059
005 20170516112211.0
010    @a978-7-5648-2492-1@dCNY38.00
100    @a20170221d2016 em y0chiy50 ea
101 0  @achi
102    @aCN@b430000
105    @ay z 000yy
106    @ar
200 1  @a职业教育现代学徒制的比较与借鉴@9zhi ye jiao yu xian dai xue tu zhi de bi jiao yu jie jian@f关晶著
210    @a长沙@c湖南师范大学出版社@d2016
215    @a295页@d24cm
300    @a国家社会科学基金“十二五规划”教育学青年课题“西方现代学徒制的比较与借鉴——工学结合的视角”研究成果
330    @a本书共十二章,追溯了学徒制的历史演变,呈现了当前主要国家的现代学徒制,并基于历史比较和国际比较,剖析现代学徒制的基本理论问题,反思我国职业教育学徒制的实践,提出相关的对策建议。
606 0  @a职业教育@9zhi ye jiao yu@x学徒@x教育制度@x对比研究@y世界
690    @aG719.1@v5
701  0 @a关晶@9guan jing@c(女,@f1978~)@4著
801  0 @aCN@b百万庄@c20170513
905    @b1006728-33@dG719.1@e37@f6
    
    职业教育现代学徒制的比较与借鉴/关晶著.-长沙:湖南师范大学出版社,2016
    295页;24cm
    国家社会科学基金“十二五规划”教育学青年课题“西方现代学徒制的比较与借鉴——工学结合的视角”研究成果
    
    ISBN 978-7-5648-2492-1:CNY38.00
    本书共十二章,追溯了学徒制的历史演变,呈现了当前主要国家的现代学徒制,并基于历史比较和国际比较,剖析现代学徒制的基本理论问题,反思我国职业教育学徒制的实践,提出相关的对策建议。
●
相关链接 在E读中查询图书 在五车中查询图书 在当当中查询图书 在豆瓣中查询图书


正题名:职业教育现代学徒制的比较与借鉴     索取号:G719.1/37         预约/预借

序号 登录号 条形码 馆藏地/架位号 状态 备注
1 1006728   210067283   第一样本阅览室/ [索取号:G719.1/37] 在馆    
2 1006729   210067292   教育系资料室/ [索取号:G719.1/37] 在馆    
3 1006730   210067309   教育系资料室/ [索取号:G719.1/37] 在馆    
4 1006731   210067318   教育系资料室/ [索取号:G719.1/37] 在馆    
5 1006732   210067327   第四借阅区/ [索取号:G719.1/37] 在馆    
6 1006733   210067336   第四借阅区/ [索取号:G719.1/37] 在馆    
唐山师范学院图书馆 欢迎您!
大连网信软件有限公司© 版权所有